Die beliebtesten süßen Kassensnacks in deutschen Supermärkten und Tank - Statistiken

Allgemein
  • Dieses Quiz wurde 125 mal gespielt
  • Das Durchschnittsergebnis liegt bei 12 aus 50
Antwortstatistiken
Hint Antwort % Korrekt
9 Snickers
68%
7 Mars
67%
26 Ferrero Küsschen
60%
17 Kinder Riegel
60%
21 Twix
58%
1 Ferrero Duplo
57%
5 Ferrero Rocher
57%
15 Kinder Bueno
52%
25 Bounty
45%
14 Kinder Ü-ei
45%
35 Haribo Goldbären
44%
4 Ferrero Hanuta
43%
2 Kinder Country
40%
16 Kinder Schokolade
40%
10 Knoppers
37%
27 Milky Way
36%
18 Kinder Joy
25%
6 Ferrero Raffaelo
25%
19 Kinder Schoko Bons
25%
23 Kinder Cards
20%
32 Kinder Happy Hippo
20%
36 KitKat
19%
46 Haribo Colorado
15%
40 Lion
14%
20 M&M's
14%
42 Mr. Tom
13%
11 Tic Tac
13%
22 Hubba Bubba
12%
29 Storck Riesen
12%
12 Airwaves
11%
24 Mentos
11%
43 Nutella Nutella & go
11%
37 Balisto
9%
3 Ferrero Giotto
9%
30 Nimm 2
8%
39 Oreo
8%
41 Nuts
7%
45 Skittles
7%
8 Fisherman's Friend
6%
47 Haribo Pico Balla
6%
50 Ritter Sport
5%
38 Nutella Biscuits
4%
34 Kinder Duo
4%
48 Chupa Chups
3%
13 Reeses
3%
44 Milka Tender
3%
28 Corny
2%
49 Neapolitaner
1%
31 Pocket Coffee
1%
33 Fritt
0%
Keine übereinstimmenden Quizze gefunden
Verteilung der Resultate
Anzahl Personen mit jedem Resultat
Perzentil nach korrekt beantworteten Fragen
Ihre Resultats-Entwicklung
Sie haben dieses Quiz noch nicht gespielt